The Apartment of Tragic Appliances : (Record no. 66016)

MARC details
000 -LEADER
fixed length control field 02230nam a2200217Ii 4500
008 - FIXED-LENGTH DATA ELEMENTS--GENERAL INFORMATION
fixed length control field 221202s xx 000 0 und d
100 1# - MAIN ENTRY--PERSONAL NAME
Personal name Snediker, Michael D,
Relator term author
245 #4 - TITLE STATEMENT
Title The Apartment of Tragic Appliances :
Remainder of title Poems
264 #1 - PRODUCTION, PUBLICATION, DISTRIBUTION, MANUFACTURE, AND COPYRIGHT NOTICE
Place of production, publication, distribution, manufacture Brooklyn, NY
Name of producer, publisher, distributor, manufacturer punctum books
Date of production, publication, distribution, manufacture, or copyright notice 2013
300 ## - PHYSICAL DESCRIPTION
Extent 1 online resource (82 pages)
336 ## - CONTENT TYPE
Content type term text
Content type code txt
Source rdacontent
337 ## - MEDIA TYPE
Media type term computer
Media type code c
Source rdamedia
338 ## - CARRIER TYPE
Carrier type term online resource
Carrier type code cr
Source rdacarrier
520 ## - SUMMARY, ETC.
Summary, etc. The Apartment of Tragic Appliances, named as a finalist for a 2013 Lambda Literary Award, is a literal place in which a hapless, portable dishwasher “heats residue only to reimagine cleanliness as an art project,” a recalcitrant microwave neglects to heat, and a refrigerator dies an inconvenient, bulky death. It is also that psychic space in which we consider our loneliness, our wandering hearts, our unpacked boxes, our vulgar desires. In Queer Optimism: Lyric Personhood and Other Felicitous Persuasions (Minnesota, 2007), Michael Snediker worked “in the interests of felicity” to undermine the ways in which queer theory customarily privileges shame and melancholy. Here, in his first full-length collection of poetry, he undertakes a similar upending of expectation, acknowledging “gay sadness” but refusing to fall fully under its sway. The demi-tragedies of daily life are recounted by a voice that is variously wistful, giddy, bawdy, silly, and tart. Along the way, Michael Snediker sets off an impressive pyrotechnic display of literary allusion, drawing on the superstars of the Western canon (think: Virgil, Racine, Proust, James, Wharton, Tennessee Williams) and of popular culture (Lucille Ball, John Travolta, Alex Trebek). Buyer beware: In these pages you will not find advice on how to feng shui your duplex or tame a Cuisinart run amok. Instead, you will find something far rarer: a book of poetic sustenance. As Daniel Tiffany observes, “We have been missing poems like these for a long time.”
653 ## - INDEX TERM--UNCONTROLLED
Uncontrolled term Gay Life
653 ## - INDEX TERM--UNCONTROLLED
Uncontrolled term Love
653 ## - INDEX TERM--UNCONTROLLED
Uncontrolled term Poetry
653 ## - INDEX TERM--UNCONTROLLED
Uncontrolled term Prose Poems
856 ## - ELECTRONIC LOCATION AND ACCESS
Uniform Resource Identifier <a href="https://library.oapen.org/bitstream/20.500.12657/25586/1/1004509.pdfhttp://library.oapen.org/handle/20.500.12657/25586">https://library.oapen.org/bitstream/20.500.12657/25586/1/1004509.pdfhttp://library.oapen.org/handle/20.500.12657/25586</a>
942 ## - ADDED ENTRY ELEMENTS (KOHA)
Koha item type E-Book
Holdings
Withdrawn status Damaged status Not for loan Home library Current library Date acquired Total Checkouts Date last seen Price effective from Koha item type
      Directory of Open Access Books Directory of Open Access Books 11/28/2022   11/28/2022 11/28/2022 E-Book

University of Rizal System
Email us at univlibservices@urs.edu.ph

Visit our Website www.urs.edu.ph/library